[Event "Tourn. n8464"]
[Site "www.chess-mail.com"]
[Date "2016.02.16"]
[Round "1"]
[White "Seger"]
[Black "Asoka"]
[WhiteElo "2730"]
[BlackElo "2670"]
[Result "1/2-1/2"]
[Round "1"]
1.d4 d5
2.e3 Ng8f6
3.Ng1f3 e6
4.c4 b6
5.b3 Bf8d6
6.Bc1b2 Bc8b7
7.Nb1c3 O-O
8.Bf1d3 c5
9.cxd5 exd5
10.O-O Nb8d7
11.Bd3f5 Rf8e8
12.Ra1c1 Qd8e7
13.Nc3b5 Bd6b8
14.Rf1e1 g6
15.Bf5h3 a6
16.Nb5c3 c4
17.a4 Qe7b4
18.Rc1b1 cxb3
19.Bb2a1 Bb8c7
20.Qd1xb3 Qb4xb3
21.Rb1xb3 h5
22.Re1b1 Ra8c8
23.Ba1b2 Nf6g4
24.Bb2a3 Kg7
25.g3 Bc7d8
26.Bh3f1 Ng4f6
27.h4 Rc8c6
28.Bf1h3 Rc6c4
29.Ba3d6 Bd8c7
30.Bd6xc7 Rc4xc7
31.Nc3e2 Nf6g4
32.Rb1a1 Rc7c2
33.Ne2f4 Rc2c7
34.Nf3e1 Rc7c4
35.Bh3g2 Ng4f6
36.Bg2f1 Rc4c7
37.Rb3b1 Nf6e4
38.Bf1h3 Ne4f6
39.Bh3g2 Rc7c4
40.Bg2f1 Rc4c7
41.Bf1h3 a5
42.Ne1f3 Nf6g4
43.Bh3f1 Re8c8
44.Nf3e1 Ng4f6
45.Bf1b5 Nd7f8
46.Ne1f3 Nf6g4
47.Nf3g5 Rc7c3
48.Nf4e2 Rc3c7
49.Kg2 Ng4f6
50.Ne2f4 Rc7c3
51.Ng5f3 Nf6g4
{ draw }
1/2-1/2

[Event "Tourn. n8496"]
[Site "www.chess-mail.com"]
[Date "2016.02.16"]
[Round "1"]
[White "Kevinking"]
[Black "Expert"]
[WhiteElo "1819"]
[BlackElo "1840"]
[Result "1-0"]
[Round "1"]
1.d4 f5
2.c4 Ng8f6
3.Nb1c3 e6
4.g3 d5
5.cxd5 exd5
6.Bf1g2 c6
7.Ng1f3 Bf8d6
8.O-O O-O
9.Bc1g5 Bc8d7
10.a3 Qd8c7
11.Qd1c2 Nf6e4
12.Ra1d1 Bd7e6
13.Bg5c1 Nb8d7
14.b4 Ne4xc3
15.Qc2xc3 Qc7d8
16.Nf3g5 Qd8e7
17.Ng5h3 Nd7f6
18.Bc1f4 Nf6e4
19.Bg2xe4 fxe4
20.Bf4xd6 Qe7xd6
21.Nh3f4 Be6g4
22.Qc3d2 Ra8e8
23.Rd1c1 Qd6e7
24.Nf4g2 Rf8f7
25.Rc1c2 Re8f8
26.Ng2f4 Bg4d7
27.Rc2c3 g5
28.Nf4g2  { time }
1-0

[Event "Tourn. n8597"]
[Site "www.chess-mail.com"]
[Date "2016.02.16"]
[Round "1"]
[White "Amaya"]
[Black "Leeds"]
[WhiteElo "2040"]
[BlackElo "1880"]
[Result "1-0"]
[Round "1"]
1.d4 c6
2.e3 g6
3.Bf1d3 Bf8g7
4.Nb1d2 d5
5.f4 Ng8f6
6.Ng1f3 O-O
7.O-O Bc8g4
8.Qd1e1 Bg4xf3
9.Nd2xf3 Nb8d7
10.Nf3e5 e6
11.b3 Qd8c7
12.Qe1f2 c5
13.c3 b6
14.a4 Ra8c8
15.Bc1d2 Rf8d8
16.Qf2f3 cxd4
17.cxd4  { time }
1-0

[Event "Tourn. n8606"]
[Site "www.chess-mail.com"]
[Date "2016.02.16"]
[Round "1"]
[White "Cathar"]
[Black "Yangqi"]
[WhiteElo "2280"]
[BlackElo "2630"]
[Result "0-1"]
[Round "1"]
1.e4 d5
2.exd5 Ng8f6
3.Ng1f3 Bc8g4
4.Bf1e2 Qd8xd5
5.O-O Nb8c6
6.h3 Bg4h5
7.Nb1c3 Qd5d7
8.d3 e6
9.Bc1f4 Bf8d6
10.Qd1d2 Bh5xf3
11.Be2xf3 Nc6d4
12.Bf3d1 Bd6xf4
13.Qd2xf4 O-O-O
14.Nc3e2 Nd4c6
15.Ne2c3 Kb8
16.Nc3e4 Nf6d5
17.Qf4d2 e5
18.c3 f5
19.Ne4c5 Qd7d6
20.b4 Nd5f4
21.Bd1c2 Qd6g6
{ resign }
0-1

[Event "Tourn. n8620"]
[Site "www.chess-mail.com"]
[Date "2016.02.16"]
[Round "1"]
[White "Hansen"]
[Black "Gunnar"]
[WhiteElo "1550"]
[BlackElo "1520"]
[Result "1-0"]
[Round "1"]
1.e4 c5
2.Bf1c4 e6
3.Ng1f3 a6
4.d3 b5
5.Bc4b3 Bc8b7
6.Bc1g5 Bf8e7
7.Nb1c3 Be7xg5
8.h4  { time }
1-0

[Event "Tourn. n8609"]
[Site "www.chess-mail.com"]
[Date "2016.02.16"]
[Round "1"]
[White "Cardiff"]
[Black "Francesco"]
[WhiteElo "2030"]
[BlackElo "1990"]
[Result "0-1"]
[Round "1"]
1.d4 d5
2.c4 c6
3.cxd5 cxd5
4.Nb1c3 Bc8g4
5.h3 Bg4h5
6.Qd1b3 Nb8c6
7.e3 Ng8f6
8.Bf1e2 Bh5xe2
9.Ng1xe2 b6
 { time }
0-1

[Event "Tourn. n8539"]
[Site "www.chess-mail.com"]
[Date "2016.02.16"]
[Round "1"]
[White "Andychesston"]
[Black "Genius7"]
[WhiteElo "2030"]
[BlackElo "2140"]
[Result "1-0"]
[Round "1"]
1.e4 d6
2.d4 Ng8f6
3.Nb1c3 g6
4.Ng1f3 Bf8g7
5.Bc1f4 O-O
6.Bf1e2 c5
7.e5 Nf6h5
8.Qd1d2 Nh5xf4
9.Qd2xf4 cxd4
10.Nc3e4 dxe5
11.Qf4g3 Qd8a5
12.c3 Bc8f5
13.b4 Qa5d5
14.Ne4g5 d3
15.Ra1d1 e4
16.Qg3h4 h6
17.g4 Bf5d7
18.Be2f1 exf3
19.Rd1xd3 Qd5xg5
20.Qh4xg5 hxg5
21.h3 Bd7c6
22.c4 a6
23.h4 gxh4
24.Rh1xh4 Nb8d7
25.Rd3e3  { time }
1-0

[Event "Tourn. n8588"]
[Site "www.chess-mail.com"]
[Date "2016.02.16"]
[Round "1"]
[White "Silent1"]
[Black "Leeds"]
[WhiteElo "1810"]
[BlackElo "1810"]
[Result "1-0"]
[Round "1"]
1.d4 d5
2.c4 e6
3.Nb1c3 c5
4.e3 Ng8f6
5.Bf1d3 Nb8c6
6.Ng1f3 dxc4
7.Bd3xc4 a6
8.O-O cxd4
9.exd4 Bf8e7
10.Bc1e3 O-O
11.d5 exd5
12.Nc3xd5 Nf6xd5
13.Qd1xd5 Be7f6
14.Qd5xd8 Rf8xd8
15.Be3c1  { time }
1-0

[Event "Tourn. n8588"]
[Site "www.chess-mail.com"]
[Date "2016.02.16"]
[Round "1"]
[White "Leeds"]
[Black "Neo"]
[WhiteElo "1810"]
[BlackElo "1880"]
[Result "0-1"]
[Round "1"]
1.Ng1f3 d5
2.d4 e6
3.Bc1f4 g6
4.e3 Bf8g7
5.Nb1c3 Ng8f6
6.Bf1d3 O-O
7.h3 Qd8d7
8.Nf3e5 Qd7e8
9.O-O Nf6e4
10.Nc3xe4 dxe4
11.Bd3xe4 c6
12.Ne5f3 Nb8d7
13.c4 Nd7f6
14.Be4d3 a6
15.Rf1e1 b5
16.Bf4e5 bxc4
17.Bd3xc4 Nf6d5
 { time }
0-1

[Event "Tourn. n8585"]
[Site "www.chess-mail.com"]
[Date "2016.02.16"]
[Round "1"]
[White "Neo"]
[Black "Leeds"]
[WhiteElo "1880"]
[BlackElo "1810"]
[Result "1-0"]
[Round "1"]
1.d4 d5
2.e3 Ng8f6
3.g3 Bc8f5
4.Bf1g2 e6
5.Bg2f3 c6
6.Ng1e2 Bf8e7
7.O-O h6
8.Ne2f4 O-O
9.Bf3g2 Nb8d7
10.Nb1d2 c5
11.c3 cxd4
12.cxd4 Ra8c8
13.Nd2b3 Bf5c2
14.Qd1d2 Bc2xb3
15.axb3 a6
16.b4 Nd7b6
17.b3 Be7d6
18.Bc1a3  { time }
1-0

[Event "Tourn. n8587"]
[Site "www.chess-mail.com"]
[Date "2016.02.16"]
[Round "1"]
[White "Cal"]
[Black "Powerchess"]
[WhiteElo "1550"]
[BlackElo "1500"]
[Result "1-0"]
[Round "1"]
1.Ng1f3 d5
2.d4 Ng8f6
3.h3 g6
4.e3 Bf8g7
5.a3 O-O
6.Bf1b5 c6
7.Bb5a4 Nf6e4
8.c3 Nb8d7
9.Qd1e2 Nd7f6
10.Nf3e5 Ne4d6
11.O-O Qd8c7
12.f4 Nf6e4
13.Nb1d2 f6
14.Ne5g4 Ne4xd2
15.Bc1xd2 Nd6e4
16.c4 Bc8xg4
17.Qe2xg4  { time }
1-0

[Event "Tourn. n8585"]
[Site "www.chess-mail.com"]
[Date "2016.02.16"]
[Round "1"]
[White "Leeds"]
[Black "Louis"]
[WhiteElo "1810"]
[BlackElo "1860"]
[Result "0-1"]
[Round "1"]
1.d4 Ng8f6
2.Ng1f3 d5
3.Bc1f4 c5
4.e3 Qd8b6
5.b3 Nb8c6
6.c3 cxd4
7.exd4 Bc8f5
8.Bf1d3 Bf5xd3
9.Qd1xd3 e6
10.O-O Bf8e7
11.Nb1d2 O-O
12.Nf3e5 a5
13.Nd2f3 Qb6a6
14.Rf1d1 Qa6xd3
 { time }
0-1

[Event "Tourn. n8597"]
[Site "www.chess-mail.com"]
[Date "2016.02.16"]
[Round "1"]
[White "Leeds"]
[Black "Elogic"]
[WhiteElo "1880"]
[BlackElo "2089"]
[Result "0-1"]
[Round "1"]
1.e4 e5
2.Ng1f3 Nb8c6
3.Bf1b5 Ng8e7
4.O-O d6
5.d4 Bc8d7
6.Nb1c3 exd4
7.Nf3xd4 Nc6xd4
 { time }
0-1

[Event "Tourn. n8586"]
[Site "www.chess-mail.com"]
[Date "2016.02.16"]
[Round "1"]
[White "Cathar"]
[Black "Rons"]
[WhiteElo "2280"]
[BlackElo "2600"]
[Result "0-1"]
[Round "1"]
1.e4 c5
2.Ng1f3 d6
3.d4 cxd4
4.Nf3xd4 Ng8f6
5.Nb1c3 a6
6.f3 e6
7.Bc1e3 b5
8.Qd1d2 Nb8d7
9.g4 h6
10.O-O-O Bc8b7
11.h4 b4
12.Nc3a4 Qd8a5
13.b3 Nd7c5
14.a3 Nc5xa4
15.axb4 Qa5c7
16.bxa4 d5
17.e5 Nf6d7
18.f4 Nd7b6
19.Rh1h3 Nb6xa4
20.Be3f2 Ra8c8
21.c4 dxc4
22.Qd2c2 Na4b6
23.f5 Bf8xb4
24.fxe6 O-O
25.exf7 Qc7xf7
26.Nd4f5 Nb6d5
27.Qc2b2 c3
28.Qb2b3 h5
29.e6 Qf7xe6
30.Rh3e3 Qe6f7
31.Re3e5 c2
32.Rd1xd5 Bb4d2
{ resign }
0-1

[Event "Tourn. n8496"]
[Site "www.chess-mail.com"]
[Date "2016.02.16"]
[Round "1"]
[White "Expert"]
[Black "Piekki"]
[WhiteElo "1840"]
[BlackElo "1770"]
[Result "0-1"]
[Round "1"]
1.e4 e5
2.Ng1f3 Nb8c6
3.Nb1c3 Ng8f6
4.Bf1b5 Bf8d6
5.d3 h6
6.O-O O-O
7.Nc3e2 a6
8.Bb5a4 b5
9.Ba4b3 a5
10.c3 b4
11.Ne2g3 Rf8e8
12.Ng3f5 Bd6f8
13.Bc1d2 Bc8a6
14.Bd2e3 d5
15.Bb3c2 dxe4
16.dxe4 Ba6xf1
17.Qd1xf1 Nf6g4
18.h3 Ng4xe3
19.Nf5xe3 bxc3
20.bxc3 Bf8a3
21.Ra1d1 Qd8c8
22.Ne3d5 Nc6e7
23.Bc2b3 Ne7xd5
24.Rd1xd5 Ba3d6
25.c4 a4
26.Bb3c2 f6
27.c5 Bd6f8
28.Qf1d1 Re8d8
29.Bc2xa4 Bf8xc5
 { time }
0-1

[Event "Tourn. n8523"]
[Site "www.chess-mail.com"]
[Date "2016.02.16"]
[Round "1"]
[White "Odin"]
[Black "Expert"]
[WhiteElo "1840"]
[BlackElo "1910"]
[Result "1-0"]
[Round "1"]
1.d4 d5
2.c4 Nb8c6
3.e3 e5
4.Nb1c3 Ng8f6
5.Qd1b3 exd4
6.cxd5 dxc3
7.dxc6 bxc6
8.Qb3xc3 Qd8d6
9.Ng1f3 Qd6b4
10.Bc1d2 Qb4xc3
11.Bd2xc3 Bf8e7
12.Bf1d3 O-O
13.O-O Nf6d5
14.Bc3d2 Nd5b4
15.Bd3c4 Nb4d5
16.b3 Bc8e6
17.Rf1e1 Be7f6
18.Nf3d4 Bf6xd4
19.exd4 Rf8e8
20.Re1e2 f6
21.Ra1e1 Kf7
22.h3 a5
23.a3 Ra8d8
24.Bd2xa5 Rd8d7
25.Ba5d2 g6
26.a4 h5
27.a5 Rd7e7
28.b4 g5
29.a6 Re8a8
30.b5 Ra8e8
31.bxc6 Nd5b6
32.Bc4xe6 Re7xe6
33.Re2xe6  { time }
1-0

[Event "Tourn. n8605"]
[Site "www.chess-mail.com"]
[Date "2016.02.16"]
[Round "1"]
[White "Piekki"]
[Black "Malbertan"]
[WhiteElo "1900"]
[BlackElo "2020"]
[Result "1-0"]
[Round "1"]
1.e4 c6
2.d4 d5
3.Nb1c3 dxe4
4.Nc3xe4 Nb8d7
5.Bf1c4 Ng8f6
6.Ne4g5 e6
7.Qd1e2 Nd7b6
8.Bc4b3 Qd8xd4
9.Ng1f3 Qd4g4
10.h3 Qg4b4
11.Bc1d2 Qb4e7
12.Nf3e5 Nb6d7
13.Ne5xf7 Nd7c5
14.Nf7xh8 Nc5xb3
15.axb3 Nf6d5
16.O-O-O a5
17.Rh1e1 a4
18.bxa4 Ra8xa4
19.Kb1 Nd5c7
20.Ng5f7 Nc7b5
21.Bd2g5 Qe7b4
22.Rd1d8 
1-0

[Event "Tourn. n8548"]
[Site "www.chess-mail.com"]
[Date "2016.02.16"]
[Round "1"]
[White "Falcoale"]
[Black "Chesspower"]
[WhiteElo "1720"]
[BlackElo "1720"]
[Result "1-0"]
[Round "1"]
1.e4 d5
2.exd5 Qd8xd5
3.Nb1c3 Qd5a5
4.Ng1f3 c6
5.Bf1e2 Bc8f5
6.O-O Ng8f6
7.d3 e6
8.Bc1d2 Bf8e7
9.Rf1e1 Nb8d7
10.a3 O-O
11.d4 Qa5c7
12.h3 Nf6d5
13.Nc3xd5 cxd5
14.c3 Nd7b6
15.Nf3e5 Nb6c4
16.Ne5xc4 dxc4
17.Qd1a4  { time }
1-0

[Event "Tourn. n8531"]
[Site "www.chess-mail.com"]
[Date "2016.02.16"]
[Round "1"]
[White "Goosebumps"]
[Black "Xkafi"]
[WhiteElo "2150"]
[BlackElo "2020"]
[Result "0-1"]
[Round "1"]
1.e4 e5
2.Ng1f3 Nb8c6
3.Bf1c4 Bf8c5
4.b4 Bc5b6
5.Bc1b2 d6
6.a3 a6
7.Nb1c3 Nc6d4
8.O-O Bc8g4
9.Bc4e2 h5
10.d3 Nd4xf3
11.Be2xf3 c6
12.Bf3xg4 hxg4
13.Qd1xg4 Qd8f6
14.Kh1 Ng8e7
15.f4 Rh8h4
16.Qg4e2 Rh4xf4
17.Rf1xf4 Qf6xf4
18.Ra1f1 Qf4h4
19.Rf1f3 Qh4h5
20.Qe2f1 Bb6d4
21.Rf3h3 Qh5g6
22.Rh3h8 Kd7
23.Rh8xa8 f6
 { time }
0-1

[Event "Tourn. n8559"]
[Site "www.chess-mail.com"]
[Date "2016.02.16"]
[Round "1"]
[White "Gatrooper"]
[Black "Falcoale"]
[WhiteElo "1640"]
[BlackElo "1700"]
[Result "0-1"]
[Round "1"]
1.e4 c5
2.c4 Nb8c6
3.Ng1f3 e6
4.a3 Ng8f6
5.h3 Nf6xe4
6.Bf1d3 Ne4f6
7.Bd3c2 Bf8e7
8.Nb1c3 O-O
9.d3 b6
10.Bc1g5 h6
11.Bg5xf6 Be7xf6
12.d4 cxd4
13.Nc3e4 e5
14.g4 Bc8b7
15.Qd1d3 g6
16.h4 Nc6e7
17.Bc2d1 Bf6g7
18.Ne4d6 Bb7c6
19.Rh1g1 Ne7c8
20.Nd6xc8 Ra8xc8
21.Nf3d2 e4
22.Qd3b1 Rf8e8
23.h5 e3
24.fxe3 Re8xe3
25.Bd1e2 Qd8h4
26.Kd1 Qh4h2
27.Rg1e1 Rc8e8
28.Qb1a2 Re3xe2
29.Re1xe2 Qh2xe2
30.Kc2 d3
31.Kb3 Qe2xd2
32.hxg6 Qd2c2
33.Kb4 a5
{ resign }
0-1

[Event "Tourn. n8581"]
[Site "www.chess-mail.com"]
[Date "2016.02.16"]
[Round "1"]
[White "Ff333"]
[Black "Expert"]
[WhiteElo "1980"]
[BlackElo "1920"]
[Result "1-0"]
[Round "1"]
1.e4 d5
2.exd5 Qd8xd5
3.Nb1c3 Qd5a5
4.Ng1f3 c6
5.Bf1c4 Bc8f5
6.d3 e6
7.Bc1d2 Ng8f6
8.Nc3d5 Qa5d8
9.Nd5xf6 gxf6
10.O-O Bf8e7
11.Bd2h6 Rh8g8
12.Kh1 Nb8d7
13.h3  { time }
1-0

[Event "Tourn. n8581"]
[Site "www.chess-mail.com"]
[Date "2016.02.16"]
[Round "1"]
[White "Expert"]
[Black "Avg"]
[WhiteElo "1920"]
[BlackElo "1969"]
[Result "0-1"]
[Round "1"]
1.c4 f5
2.g3 Ng8f6
3.Bf1g2 g6
4.b3 Bf8g7
5.Bc1b2 O-O
6.Ng1f3 d6
7.d4 Nb8d7
8.O-O c5
9.dxc5 Nd7xc5
10.Nb1d2 e5
11.b4 Nc5e6
12.e3 e4
13.Nf3d4 Ne6xd4
 { time }
0-1

[Event "Tourn. n8607"]
[Site "www.chess-mail.com"]
[Date "2016.02.16"]
[Round "1"]
[White "Leeds"]
[Black "Gilliere"]
[WhiteElo "1880"]
[BlackElo "1820"]
[Result "0-1"]
[Round "1"]
1.c4 c5
2.Nb1c3 f5
3.Ng1f3 Ng8f6
4.d4 e6
5.Bc1g5 h6
6.Bg5xf6 Qd8xf6
7.e3 cxd4
8.exd4 Bf8b4
9.Qd1d2 Nb8c6
10.a3 Bb4xc3
 { time }
0-1

[Event "Tourn. n8565"]
[Site "www.chess-mail.com"]
[Date "2016.02.16"]
[Round "1"]
[White "Osopanda"]
[Black "Cardiff"]
[WhiteElo "1940"]
[BlackElo "2000"]
[Result "1-0"]
[Round "1"]
1.c4 e6
2.Nb1c3 d5
3.cxd5 exd5
4.d4 Ng8f6
5.Ng1f3 Nb8c6
6.Bc1g5 Bf8b4
7.e3 Bb4xc3
8.bxc3 O-O
9.Bf1d3 Rf8e8
10.O-O h6
11.Bg5h4 Qd8d6
12.Bh4g3 Bc8g4
13.h3 Bg4xf3
14.Qd1xf3 Qd6d7
15.Rf1e1 Nf6e4
16.Ra1c1 a6
17.Bg3h2 Re8e6
18.c4 Ne4f6
19.cxd5 Qd7xd5
20.Bh2xc7 Qd5xf3
21.gxf3 Ra8c8
22.Bc7g3  { time }
1-0

[Event "Tourn. n8577"]
[Site "www.chess-mail.com"]
[Date "2016.02.16"]
[Round "1"]
[White "Numanoid"]
[Black "Greghghs"]
[WhiteElo "2470"]
[BlackElo "2360"]
[Result "1-0"]
[Round "1"]
1.e4 b6
2.d4 Bc8b7
3.Bf1d3 e6
4.Nb1c3 Ng8f6
5.Ng1e2 c5
6.d5 exd5
7.exd5 Nf6xd5
8.Nc3xd5 Bb7xd5
9.Ne2f4 Bd5e6
10.Bd3e4 Nb8c6
11.Nf4xe6 fxe6
12.Qd1h5 { resign }
1-0

[Event "Tourn. n8590"]
[Site "www.chess-mail.com"]
[Date "2016.02.16"]
[Round "1"]
[White "Osopanda"]
[Black "Hundegana"]
[WhiteElo "1980"]
[BlackElo "1910"]
[Result "1-0"]
[Round "1"]
1.c4 e5
2.Nb1c3 c6
3.e4 d5
4.cxd5 cxd5
5.exd5 Bf8b4
6.Qd1a4 Qd8d7
7.Qa4xb4 a6
8.Ng1f3 f6
9.d4 Ng8e7
10.dxe5 fxe5
11.Nf3xe5 Qd7f5
12.Ne5f3 Ne7xd5
13.Nc3xd5 Qf5xd5
14.Bf1c4 Qd5e4
15.Bc1e3 Qe4e7
16.Qb4c3 Nb8c6
17.O-O Bc8d7
18.Rf1e1 O-O-O
19.Ra1c1 Qe7f6
20.Qc3xf6 gxf6
21.Be3b6 Rd8e8
22.Re1xe8 Rh8xe8
23.Bc4f7 Re8e7
24.Bf7h5 Kb8
25.Nf3d4 Nc6xd4
26.Bb6xd4 f5
27.Bd4e3 Bd7c6
28.Be3f4 Ka7
29.Bf4e3 Ka8
30.Bh5f3 Bc6b5
31.Rc1c8 { resign }
1-0

[Event "Tourn. n8549"]
[Site "www.chess-mail.com"]
[Date "2016.02.16"]
[Round "1"]
[White "Genius7"]
[Black "Xkafi"]
[WhiteElo "2160"]
[BlackElo "2010"]
[Result "0-1"]
[Round "1"]
1.Ng1f3 Ng8f6
2.c4 d5
3.cxd5 Nf6xd5
4.d4 Nb8c6
5.e3 a6
6.Nb1c3 e6
7.Bc1d2 Nd5b4
8.a3 Nb4d5
9.Bf1e2 Bf8e7
10.O-O Be7d6
11.Nc3e4 Bd6e7
12.b4 f5
13.Ne4c5 g5
14.Nf3e1 g4
15.Ne1d3 Be7d6
16.g3 h5
17.Ra1c1 h4
18.Nd3f4 hxg3
19.hxg3 Qd8g5
20.Nf4g2 Qg5h5
21.Ng2h4 Bd6e7
22.Kg2 Be7xh4
23.Rf1h1 Qh5g5
 { time }
0-1

[Event "Tourn. n8593"]
[Site "www.chess-mail.com"]
[Date "2016.02.16"]
[Round "1"]
[White "Julian"]
[Black "Cardiff"]
[WhiteElo "2030"]
[BlackElo "2030"]
[Result "1-0"]
[Round "1"]
1.e4 e6
2.d4 d5
3.e5 c5
4.c3 Nb8c6
5.Ng1f3 Qd8b6
6.Nb1a3 a6
7.Na3c2 c4
8.g3 Bc8d7
9.Bf1g2 h6
10.O-O Ng8e7
11.Rf1e1 O-O-O
12.Bc1f4  { time }
1-0

[Event "Tourn. n8609"]
[Site "www.chess-mail.com"]
[Date "2016.02.16"]
[Round "1"]
[White "Bojan"]
[Black "Piekki"]
[WhiteElo "2060"]
[BlackElo "1900"]
[Result "1-0"]
[Round "1"]
1.d4 Ng8f6
2.Nb1c3 d5
3.g3 Bc8f5
4.Bf1g2 e6
5.Ng1f3 Nb8d7
6.Nf3h4 Bf5g4
7.h3 Bg4h5
8.g4 Bh5g6
9.Bc1g5 Bf8e7
10.Nh4xg6 hxg6
11.Bg5f4 c6
12.e4 dxe4
13.Nc3xe4 Nf6d5
14.Bf4d2 Qd8c7
15.Qd1f3 f5
16.Ne4g3 O-O-O
17.c4 Nd5b4
18.Kd1 Nd7b6
19.Qf3c3 Nb4a6
20.b3 Be7f6
21.Bd2e3 f4
22.g5 Bf6e5
23.Ke2 fxe3
24.dxe5 exf2
25.Kxf2 Qc7f7
26.Ke2 Qf7f4
27.Rh1f1 Qf4xg5
28.Rf1f2 Na6c5
29.Rf2f3 Rh8h4
30.Kf1 Rh4d4
31.Ra1e1 Nc5d3
32.Ng3e4 Qg5xe5
33.Rf3xd3 Rd8f8
34.Ne4f2 Rd4xd3
35.Qc3xe5 Rd3d2
36.Qe5xe6 { resign }
1-0

[Event "Tourn. n8579"]
[Site "www.chess-mail.com"]
[Date "2016.02.16"]
[Round "1"]
[White "Roque1"]
[Black "Leeds"]
[WhiteElo "1810"]
[BlackElo "1810"]
[Result "1-0"]
[Round "1"]
1.e4 d6
2.d4 Ng8f6
3.Nb1c3 g6
4.Ng1f3 Bf8g7
5.Bf1c4 O-O
6.O-O Nf6xe4
7.Nc3xe4 d5
8.Bc4xd5 Qd8xd5
9.Ne4c3 Qd5d8
10.Bc1g5 h6
11.Bg5h4 c6
12.Qd1d2  { time }
1-0

[Event "Tourn. n8534"]
[Site "www.chess-mail.com"]
[Date "2016.02.16"]
[Round "1"]
[White "Genius7"]
[Black "Xkafi"]
[WhiteElo "2110"]
[BlackElo "2020"]
[Result "0-1"]
[Round "1"]
1.d4 c5
2.d5 Ng8f6
3.c4 Qd8b6
4.Nb1c3 Qb6b4
5.e3 Nf6e4
6.Bc1d2 Ne4xd2
7.Qd1xd2 a6
8.Ng1f3 e6
9.Bf1e2 Bf8d6
10.dxe6 Bd6e7
11.exf7 Kxf7
12.Nc3d5 Qb4xd2
13.Kxd2 Be7d8
14.e4 d6
15.Rh1d1 Rh8e8
16.Be2d3 Nb8d7
17.Kc2 Nd7e5
18.Nf3xe5 Re8xe5
19.f4 Re5h5
20.h3 Bc8d7
21.Rd1f1 g6
22.Ra1e1 Bd8h4
23.Re1e2 Bh4d8
24.Re2f2 Kg7
25.Rf2f3 b5
26.b3 bxc4
27.bxc4 Ra8b8
28.Rf1b1 Rb8xb1
29.Kxb1 Bd8a5
 { time }
0-1

[Event "Tourn. n8579"]
[Site "www.chess-mail.com"]
[Date "2016.02.16"]
[Round "1"]
[White "Andychesston"]
[Black "Leeds"]
[WhiteElo "1930"]
[BlackElo "1810"]
[Result "1-0"]
[Round "1"]
1.e4 e6
2.Ng1f3 d5
3.exd5 exd5
4.d4 Ng8f6
5.c4 Bf8e7
6.c5 O-O
7.Bf1d3 b6
8.b4 a5
9.Bc1a3 axb4
10.Ba3xb4 Nb8c6
11.Bb4c3 bxc5
12.O-O c4
13.Bd3e2 Nf6e4
14.Bc3d2  { time }
1-0

[Event "Tourn. n8632"]
[Site "www.chess-mail.com"]
[Date "2016.02.16"]
[Round "1"]
[White "Gilliere"]
[Black "Biggles"]
[WhiteElo "1880"]
[BlackElo "1809"]
[Result "0-1"]
[Round "1"]
1.d4 d5
2.c4 c6
3.c5 Ng8f6
4.e3 e6
5.Nb1c3 Bf8e7
6.Ng1f3 Nb8d7
7.b4 O-O
8.Bf1e2 b6
9.O-O bxc5
10.bxc5 a5
11.Nc3a4 Bc8a6
12.Be2xa6 Ra8xa6
13.Na4c3 h6
14.Qd1d3 Ra6a8
15.a4 Rf8e8
16.Bc1a3 Be7f8
17.h3 e5
18.dxe5 Nd7xe5
19.Nf3xe5 Re8xe5
20.Qd3d4 Re5e6
21.Rf1e1 Nf6e4
22.Nc3xe4 Re6xe4
23.Qd4d1 Qd8h4
24.f4 Ra8e8
25.Ba3c1 Bf8xc5
26.Qd1c2 Qh4xe1
27.Kh2 Bc5xe3
28.Bc1xe3 Qe1xa1
29.Qc2xc6 Re4xe3
30.Qc6xd5 Qa1xa4
{ resign }
0-1

[Event "Tourn. n8620"]
[Site "www.chess-mail.com"]
[Date "2016.02.16"]
[Round "1"]
[White "Gunnar"]
[Black "Redabond"]
[WhiteElo "1520"]
[BlackElo "1600"]
[Result "0-1"]
[Round "1"]
1.e4 e5
2.Ng1f3 Nb8c6
3.Bf1b5 Nc6d4
4.Nf3xd4 exd4
5.O-O a6
6.Bb5e2 Ng8f6
7.d3 Bf8c5
 { time }
0-1

[Event "Tourn. n8581"]
[Site "www.chess-mail.com"]
[Date "2016.02.16"]
[Round "1"]
[White "Expert"]
[Black "Odin"]
[WhiteElo "1920"]
[BlackElo "1830"]
[Result "0-1"]
[Round "1"]
1.Ng1f3 Ng8f6
2.c4 c5
3.g3 Nb8c6
4.d4 d6
5.dxc5 dxc5
6.Qd1xd8 Nc6xd8
7.Bf1g2 Ra8b8
8.Nb1c3 a6
9.a4 Bc8g4
10.Bc1g5 Nd8c6
11.Bg5xf6 exf6
12.Nc3d5 Bf8d6
13.h3 Bg4h5
14.O-O-O O-O
15.Nd5c3 b6
16.Rd1xd6 Nc6b4
17.g4 Bh5g6
18.Nf3h4 h6
 { time }
0-1

[Event "Tourn. n8515"]
[Site "www.chess-mail.com"]
[Date "2016.02.16"]
[Round "1"]
[White "Panham"]
[Black "Genius7"]
[WhiteElo "2190"]
[BlackElo "2090"]
[Result "1-0"]
[Round "1"]
1.e4 g6
2.d4 Bf8g7
3.Nb1c3 c6
4.f4 d5
5.e5 h5
6.Ng1f3 Bc8g4
7.Bf1e2 Ng8h6
8.Nf3h4 Bg4xe2
9.Nc3xe2 e6
10.Bc1e3 Qd8xh4
11.g3 Qh4e7
12.Qd1d2 Nh6f5
13.O-O-O Nb8d7
14.Be3f2 O-O-O
15.Qd2a5 Kb8
16.Rd1d3 b6
17.Qa5a4 Kb7
18.Rd3a3 a5
19.Qa4b3 Qe7b4
20.Qb3d3 Rd8a8
21.Bf2e1 Qb4b5
22.Qd3f3 Bg7f8
23.Ra3b3 Qb5a6
24.Be1f2 Bf8e7
25.Kb1 Ra8c8
26.Rh1c1 Nf5h6
27.h3 Ka7
28.Rb3d3 c5
29.c4 dxc4
30.Rd3c3 Qa6b7
31.Qf3e3 cxd4
32.Ne2xd4  { time }
1-0

[Event "Tourn. n8600"]
[Site "www.chess-mail.com"]
[Date "2016.02.16"]
[Round "1"]
[White "Cardiff"]
[Black "Elogic"]
[WhiteElo "2030"]
[BlackElo "2150"]
[Result "0-1"]
[Round "1"]
1.d4 c5
2.dxc5 Qd8a5
3.Nb1c3 Qa5xc5
4.e4 e6
5.a3 Nb8c6
6.Bc1e3 Qc5d6
7.Qd1xd6 Bf8xd6
 { time }
0-1

[Event "Tourn. n8471"]
[Site "www.chess-mail.com"]
[Date "2016.02.16"]
[Round "1"]
[White "Seger"]
[Black "Jpmartinez"]
[WhiteElo "2730"]
[BlackElo "2460"]
[Result "1/2-1/2"]
[Round "1"]
1.d4 f5
2.g3 Ng8f6
3.Bf1g2 e6
4.c4 d6
5.Ng1f3 Bf8e7
6.O-O O-O
7.Nb1c3 Nf6e4
8.Nc3xe4 fxe4
9.Nf3d2 d5
10.f3 Nb8c6
11.fxe4 Rf8xf1
12.Kxf1 dxc4
13.e3 Nc6a5
14.Nd2f3 c5
15.Bc1d2 cxd4
16.exd4 b5
17.Qd1e1 Na5c6
18.d5 exd5
19.exd5 Qd8xd5
20.Nf3g5 Qd5d3
21.Kg1 Be7c5
22.Kh1 Bc8d7
23.Bg2e4 Ra8e8
24.Be4xd3 Re8xe1
25.Ra1xe1 cxd3
26.Ng5f3 Nc6d4
27.Nf3xd4 Bc5xd4
28.Kg2 Bd7c6
29.Kf1 Bd4xb2
30.Re1e7 a5
31.Re7c7 Bc6d5
32.Rc7c5 Bd5xa2
33.Rc5xb5 Bb2f6
34.Rb5xa5 Ba2e6
35.Kf2 Be6g4
36.Ra5d5 Bg4e2
37.Bd2g5 Kf7
38.Bg5xf6 Kxf6
39.Rd5d6 Ke5
40.Rd6d7 Kf6
41.Rd7a7 { draw }
1/2-1/2

[Event "Tourn. n8552"]
[Site "www.chess-mail.com"]
[Date "2016.02.16"]
[Round "1"]
[White "Hundegana"]
[Black "Expert"]
[WhiteElo "1980"]
[BlackElo "1920"]
[Result "1-0"]
[Round "1"]
1.e4 g6
2.d4 Bf8g7
3.c3 d5
4.e5 h5
5.h3 Ng8h6
6.Bf1d3 c6
7.Ng1f3 Nh6f5
8.Nb1d2 e6
9.b3 Nb8d7
10.O-O Nf5h4
11.Nf3xh4 Qd8xh4
12.Nd2f3 Qh4e7
13.Bc1g5 Qe7f8
14.h4 Bg7h6
15.Qd1d2 Bh6xg5
16.Qd2xg5 Qf8e7
17.Qg5xe7 Kxe7
18.Nf3g5 c5
19.Ra1c1 b6
20.f4 Bc8b7
21.Bd3b5 Rh8f8
22.Bb5xd7 Kxd7
23.Ng5h7 Rf8c8
24.Nh7f6 Ke7
25.g3 Rc8c7
26.Kf2  { time }
1-0

[Event "Match"]
[Site "www.echecsemail.com"]
[Date "2016.02.16"]
[Round "1"]
[White "Gambitmiau"]
[Black "Llord"]
[WhiteElo "1800"]
[BlackElo "1880"]
[Result "1-0"]
[Round "1"]
1.e4 e5
2.d4 exd4
3.c3 dxc3
4.Nb1xc3 Bf8b4
5.Bc1d2 Ng8e7
6.Bf1c4 O-O
7.Ng1f3 d6
8.O-O Nb8c6
9.a3 Bb4a5
10.b4 Ba5b6
11.Bd2g5 h6
12.Bg5e3 Bc8e6
13.Nc3d5 Bb6xe3
14.Nd5xe3 a6
15.Ne3d5 Nc6e5
16.Nd5xe7 Qd8xe7
17.Nf3xe5 dxe5
18.Ra1c1 c6
19.Qd1b3 Be6xc4
20.Qb3xc4 Ra8c8
21.f4 exf4
22.Rf1xf4 b5
23.Qc4d3 Qe7g5
24.g3 Rc8d8
25.Qd3f3 h5
26.Rc1c5 Qg5e7
27.Qf3xh5 Rd8d6
28.Rc5g5 Rd6h6
29.Qh5xh6 f6
30.Rg5g6 f5
31.exf5 Qe7e1
32.Kg2 Qe1e2
33.Kh3 Qe2e7
34.Rf4e4 Qe7f7
35.f6 Qf7d7
36.Kh4 Rf8xf6
37.Re4e8 { resign }
1-0

[Event "Match"]
[Site "www.echecsemail.com"]
[Date "2016.02.16"]
[Round "1"]
[White "Numanoid"]
[Black "Genius7"]
[WhiteElo "2470"]
[BlackElo "2120"]
[Result "1-0"]
[Round "1"]
1.e4 c5
2.Nb1c3 a6
3.Ng1f3 d6
4.d4 cxd4
5.Nf3xd4 Ng8f6
6.Bf1e2 g6
7.O-O Bf8g7
8.Bc1g5 O-O
9.Kh1 Nb8c6
10.Nd4b3 b5
11.Be2f3 Nc6e5
12.a4 Ra8b8
13.axb5 axb5
14.Bg5xf6  { time }
1-0